Los servicios discontinuos. Novedades legislativas (Registro nro. 30128)

Detalles MARC
000 -LEADER
fixed length control field 00339 a2200109 4500
001 - CONTROL NUMBER
control field ART_59628
005 - DATE AND TIME OF LATEST TRANSACTION
control field 20260410161948.0
008 - FIXED-LENGTH DATA ELEMENTS--GENERAL INFORMATION
fixed length control field 260409a
100 1# - MAIN ENTRY--PERSONAL NAME
Personal name Blanco, Mariela
245 10 - TITLE STATEMENT
Title Los servicios discontinuos. Novedades legislativas
773 0# - HOST ITEM ENTRY
Title Temas de derecho laboral
Related parts - Año 9, N° 11 (nov. 2023)
Record control number REV27619

No hay ítems disponibles.